000 00265nam a22001097a 4500
008 160427b xxu||||| |||| 00| 0 eng d
020 _a0801639751
041 _aeng
080 _a618.2
245 _aBasic nursing:
_cPatricia A. Poter; Anne G. Perry;
942 _2udc
_cBK
999 _c1620
_d1620